000 00365nam a2200145Ia 4500
008 151213s9999 xx 000 0 und d
100 _aM. J. Nousis
245 _aSPSS/PC Standardizer Plus
_cM. J. Nousis
260 _aChicago
_bSpss International
_c1991
300 _a2763 p.
650 _aComputer
650 _aComputer
700 _aM. J. Nousis
999 _c1873
_d1873